Responses for show #6964 - Thursday, December 18, 2014

Contestants

Kevin Hozey, a history teacher from Jacksonville, Florida

David Emery-Peck, a development officer from Oberlin, Ohio

Kurt Fritzsche, a medical device engineer from Loveland, Ohio (whose 1-day cash winnings total $13,201)

Jeopardy! Round responses

U.S NEWS & WORLD REPORT BEST OF 2014
MOVIE STUDIO LOGOS
THAT CAN MEAN 2 THINGS!
DO THE MATH
OFFICIAL STATE STUFF
THE NATIVITY
    $200 26
Princeton

David
    $200 3
MGM

Kurt
    $200 1
pounds

Kurt
    $200 7
(David: What is $3.20?)
...
(Alex: You have to add the cost of the fares, so you'll give [*].)

$19.20

David
Triple Stumper
    $200 12
Bible

David
    $200 17
[Alex reads "KJV" as "King James Version".]

taxes

Kurt
    $400 27
Georgetown

Kurt
    $400 22
Warner Brothers

Kurt
    $400 2
solution

Kevin
    $400 8
1:40 PM

Kurt
    $400 13
(Kevin: What are peppers?)
(Alex: More specific.)

chili peppers

Kevin
    $400 18
frankincense & myrrh

Kevin
    $600 28
Johns Hopkins

Kurt
    $600 23
(Kurt: What is Castle Rock?)

20th Century Fox

KurtDavid
    $600 4
crane

David
    $600 9
(Kurt: What is 7?)
(David: What is 3?)

21

KurtDavid
Triple Stumper
    $600 14
Maine

Kevin
    $600 19
Nazareth

Kevin
    $800 29
(David: What is Wharton?)
(Kurt: What is... Drexel?)

the University of Pennsylvania

KurtDavidKevin
    $800 24
Paramount

Kurt
    $800 5
scale

Kurt
    $2,000 10
600 square inches

Kurt
    $800 15
a polka

David
    $800 20
joy

Kurt
    $1000 30
Carnegie Mellon

Kurt
    $1000 25
Tristar (Columbia Tristar accepted)

Kurt
    $1000 6
coast

Kurt
    $1000 11
(Alex: Oh, you did that quickly. Good for you.)

18

Kurt
    $1000 16
jousting

Kevin
    $1000 21
Immanuel

Kurt

Scores at the first commercial break (after clue 15):

Kurt David Kevin
$5,000 $800 $1,400

Scores at the end of the Jeopardy! Round:

Kurt David Kevin
$9,800 $800 $4,200

Double Jeopardy! Round responses

A LITTLE T & A
(Alex: Each correct response will begin with the letter "T" and end with an "A".)
THE CIVIL WAR
COUNTRIES BY WORLD HERITAGE SITES
THAT WAS ON TV
IAMB WOMAN
HEAR ME ROAR
    $400 2
tapioca

Kevin
    $400 3
the Mississippi

David
    $400 14
(Kurt: What is Romania?)

Hungary

KurtKevin
    $400 1
The Brady Bunch

Kurt
    $400 26
Antonio Stradivarius

Triple Stumper
    $400 22
deer

Kevin
    $800 6
a tuba

David
    $800 9
Sherman

Kevin
    $800 15
Belgium

Kurt
    $800 4
(Kurt: Who is Piers Morgan?)

John Oliver

Kurt
Triple Stumper
    $800 27
wife

David
    $800 18
Victoria Falls

Kevin
    $1200 11
a toga

Kevin
    $1200 10
(George) Pickett

Kurt
    $1200 19
Israel

Triple Stumper
    $1200 5
Rudolph, the Red-Nosed Reindeer

Kurt
    $1200 28
Dickinson

David
    $1200 23
"The Marseillaise"

Kevin
    $1600 16
tilapia

Kurt
    $1600 12
(Philip) Sheridan

Kevin
    $3,000 20
Mexico

Kevin
    $1600 7
Pemberley

David
    $1600 29
Elizabeth Barrett Browning

Triple Stumper
    $3,000 24
Godzilla

Kevin
    $2000 17
taffeta

Triple Stumper
    $2000 13
(Alex: You got him. You know your Civil War.)

Alexander Stephens

Kevin
    $2000 21
Canada

Kevin
    $2000 8
Falcon Crest

Kevin
    $2000 30
Emma Lazarus

Kevin
    $2000 25
(Alex: Less than a minute left now, Kevin.)

Amos

Triple Stumper

Scores at the end of the Double Jeopardy! Round:

Kurt David Kevin
$13,800 $5,600 $25,000

[wagering suggestions for these scores]

Final Jeopardy! Round responses

20th CENTURY SCULPTURE
DavidWhat is the 9/11 memor
$5,000
KurtWhat is the Vietnam Memorial?
$8,600
KevinWhat is Mt. Rushmore?
$2,601
Mount Rushmore

Final scores:

Kurt David Kevin
$5,200 $600 $27,601
2nd place: $2,000 3rd place: $1,000 New champion: $27,601

Game dynamics:

Coryat scores:

Kurt David Kevin
$12,600 $5,600 $22,200
21 R
(including 1 DD),
5 W
10 R,
3 W
21 R
(including 2 DDs),
0 W

Combined Coryat: $40,400

The J! Archive is created by fans, for fans. The Jeopardy! game show and all elements thereof, including but not limited to copyright and trademark thereto, are the property of Jeopardy Productions, Inc. and are protected under law. This website is not affiliated with, sponsored by, or operated by Jeopardy Productions, Inc. Join the discussion at JBoard.tv.